| Tag |
First Indicator |
Second Indicator |
Subfields |
| LEADER |
00000cam a22000004a 4500 |
| 001 |
in00001569293 |
| 005 |
20151022090620.0 |
| 008 |
980910s1998 gw af b 000 0 ger c |
| 020 |
|
|
|a 3805319843
|
| 035 |
|
|
|a (OCoLC)ocm39848875
|
| 040 |
|
|
|a CGU
|c CGU
|d UtOrBLW
|
| 042 |
|
|
|a pcc
|
| 049 |
|
|
|a TXAM
|
| 050 |
|
4 |
|a DT73.E45
|b J45 1998
|
| 090 |
|
|
|a DT57
|b .D47 no.90
|
| 100 |
1 |
|
|a Jenni, Hanna.
|
| 245 |
1 |
4 |
|a Die Dekoration des Chnumtempels auf Elephantine durch Nektanebos II. /
|c von Hanna Jenni ; mit einem Beitrag von Susanne Bickel über die Dekoration des Tempelhaustores unter Alexander IV. und der Südwand unter Augustus.
|
| 264 |
|
1 |
|a Mainz :
|b Philipp von Zabern,
|c 1998.
|
| 300 |
|
|
|a 159 pages, 125 pages of plates :
|b illustrations (some color) ;
|c 36 cm.
|
| 336 |
|
|
|a text
|b txt
|2 rdacontent
|
| 337 |
|
|
|a unmediated
|b n
|2 rdamedia
|
| 338 |
|
|
|a volume
|b nc
|2 rdacarrier
|
| 490 |
1 |
|
|a Elephantine ;
|v 17
|
| 490 |
1 |
|
|a Archäologische Veröffentlichungen ;
|v 90
|
| 610 |
2 |
0 |
|a Temple of Khnum (Elephantine, Egypt)
|
| 600 |
0 |
0 |
|a Nektanebos
|b II,
|c King of Egypt.
|
| 650 |
|
0 |
|a Temples
|z Egypt
|z Elephantine.
|
| 830 |
|
0 |
|a Elephantine ;
|v 17.
|
| 830 |
|
0 |
|a Archäologische Veröffentlichungen (Deutsches Archäologisches Institut. Abteilung Kairo) ;
|v 90.
|
| 948 |
|
|
|a cataloged
|b h
|c 2001/2/12
|d c
|e pkellar
|f 10:07:44 am
|
| 994 |
|
|
|a E0
|b TXA
|
| 999 |
|
|
|a MARS
|
| 999 |
f |
f |
|s 3c81c4ee-1855-35cc-95a7-2f565b207def
|i b6e0b5a1-bb2d-3edf-b8ef-9ec9cd897f86
|t 0
|
| 952 |
f |
f |
|p ric
|a Texas A&M University
|b Rellis Campus
|c Joint Library Facility
|d Remote Storage
|t 0
|e DT57 .D47 no.90
|f Oversize
|h Library of Congress classification
|i unmediated -- volume
|m A14827155467
|
| 998 |
f |
f |
|a DT57 .D47 no.90
|t 0
|l Remote Storage
|